| 000 | 00748nam a2200217Ii 4500 | ||
|---|---|---|---|
| 003 | JO-AjNU | ||
| 008 | 230605s9999||||xx |||||||||||||| ||und|| | ||
| 020 | _a978-9953-13-750-6 | ||
| 040 |
_aJO-AjNU _bara _erda _cJO-AjNU |
||
| 041 | _aara | ||
| 050 | 1 | 4 | _aPK6525.B35 2012 |
| 100 | 3 |
_aجمع وتصحيح ودراسة البكار، يوسف, _eauthor _945386 |
|
| 245 | 0 | 0 | _aعمر الخيام: أعمال عربية وأخبار تراثية |
| 250 | _aط1 | ||
| 264 | 3 | 1 | _aبيروت: دار صادر، 2012 |
| 300 | _a156ص | ||
| 336 |
_atext _btxt _2rdacontent |
||
| 337 |
_aunmediated _bn _2rdamedia |
||
| 338 |
_avolume _bnc _2rdacarrier |
||
| 650 | 4 |
_aالشعر الفارسي - الأدب الفارسي - تاريخ ونقد _945387 |
|
| 999 |
_aA19669 _c23237 _d23237 |
||